| 000 | 00713nam a2200205 i 4500 | ||
|---|---|---|---|
| 001 | 43718 | ||
| 003 | ES-MaACL | ||
| 005 | 20230906160849.0 | ||
| 007 | t| | ||
| 008 | 030318q1912 sp ||||1| spa d | ||
| 111 | 2 |
_aExposición Nacional de Pintura, Escultura y Arquitectura ( _d1912. _cMadrid) _9159393 |
|
| 245 | 1 | 0 | _aCatálogo oficial de la exposición nacional de pintura, escultura y arquitectura de 1912. |
| 260 |
_aMadrid : _bCasa ed. Mateu, _c[1912?] |
||
| 300 |
_a94 p., 45 h. : _bil. ; _c19 cm. |
||
| 650 | 4 |
_aArte español- _yS.XX- _vExposiciones. _910206 |
|
| 655 | 7 |
_2tgfbne _9193628 _aCatálogos de exposiciones |
|
| 852 |
_aES-MaACL _jF-1668 |
||
| 942 | _2udc | ||
| 999 |
_c43718 _d43718 |
||